[Event "Memorial Kurnosova 2017"]
[Site "?"]
[Date "2017.09.08"]
[Round "1.1"]
[White "Ponkratov, Pavel"]
[Black "Chan, Naruna"]
[Result "1-0"]
[WhiteElo "2731"]
[BlackElo "1919"]
[PlyCount "66"]
[EventDate "2017.??.??"]
[BlackClock "0:09:59"]

1. e4 c5 2. Nf3 Nc6 3. d4 cxd4 4. Nxd4 e5 5. Nb5 d6 6. c4 g6 7. g3 Be6 8. N1c3
a6 9. Na3 Bg7 10. Bg2 Nf6 11. O-O O-O 12. Nd5 Rb8 13. Qd3 Nd7 14. Be3 f5 15.
exf5 Bxf5 16. Qd2 Nf6 17. Nxf6+ Bxf6 18. Nc2 Qe7 19. Rad1 Rfd8 20. Nb4 Nxb4 21.
Qxb4 b5 22. b3 Be6 23. Bd5 Kg7 24. Qa3 Bxd5 25. Rxd5 bxc4 26. bxc4 Qc7 27. Qxa6
Ra8 28. Qb6 Qxc4 29. Rxd6 Rxd6 30. Qb7+ Rd7 31. Qxd7+ Kh8 32. a3 Qa6 33. Rc1
Qc8 1-0

[Event "Memorial Kurnosova 2017"]
[Site "?"]
[Date "2017.09.08"]
[Round "1.2"]
[White "Mutav, Vladimir"]
[Black "Movsesian, Sergei"]
[Result "0-1"]
[WhiteElo "1903"]
[BlackElo "2712"]
[PlyCount "52"]
[EventDate "2017.??.??"]
[WhiteClock "0:07:45"]
[BlackClock "0:00:15"]

1. d4 Nf6 2. g3 d5 3. Bg2 c6 4. Nf3 Bf5 5. O-O h6 6. Ne5 e6 7. Nd2 Nbd7 8. Nxd7
Qxd7 9. c4 Be7 10. a3 a5 11. Re1 O-O 12. b3 b5 13. Bb2 a4 14. c5 axb3 15. Qxb3
Ra4 16. f3 Bh7 17. Kh1 Rfa8 18. Rad1 Bd8 19. e4 Ba5 20. Re2 Ne8 21. Nb1 Nc7 22.
Nc3 Rc4 23. Bf1 Bg6 24. Re3 dxe4 25. Bxc4 bxc4 26. Qxc4 Nd5 0-1

[Event "Memorial Kurnosova 2017"]
[Site "?"]
[Date "2017.09.08"]
[Round "1.3"]
[White "Riazantsev, Alexander"]
[Black "Danilenko, Oleg"]
[Result "1-0"]
[WhiteElo "2703"]
[BlackElo "1868"]
[PlyCount "47"]
[EventDate "2017.??.??"]

1. d4 e6 2. c4 Nf6 3. Nf3 d5 4. Nc3 Be7 5. Bg5 O-O 6. e3 Nbd7 7. Qc2 b6 8. cxd5
exd5 9. Bd3 h6 10. Bh4 c5 11. Rd1 Bb7 12. O-O c4 13. Bf5 a6 14. a4 Rb8 15. Ne5
Ba8 16. Bg3 Nxe5 17. dxe5 Nh5 18. e6 Nxg3 19. hxg3 f6 20. Nxd5 Bxd5 21. e4 Bxe4
22. Qxe4 Qe8 23. Rd7 Rd8 24. Bg6 1-0

[Event "Memorial Kurnosova 2017"]
[Site "?"]
[Date "2017.09.08"]
[Round "1.4"]
[White "Klimenko, Mikhail"]
[Black "Lysyj, Igor"]
[Result "0-1"]
[WhiteElo "1856"]
[BlackElo "2667"]
[PlyCount "82"]
[EventDate "2017.??.??"]
[WhiteClock "0:03:12"]
[BlackClock "0:00:33"]

1. d4 Nf6 2. c4 e6 3. Nc3 Bb4 4. Qc2 d5 5. e3 O-O 6. Nf3 c5 7. dxc5 Nc6 8. a3
Bxc5 9. b4 Bd6 10. Bb2 a5 11. b5 Ne5 12. Nxe5 Bxe5 13. Be2 dxc4 14. Bxc4 Qc7
15. Bd3 Bd7 16. Rc1 Rac8 17. Qb3 Qb8 18. h3 Rfd8 19. O-O Be8 20. Be2 Nd7 21.
Ne4 Nb6 22. Rxc8 Rxc8 23. Rb1 a4 24. Qd1 Bxb2 25. Rxb2 Qe5 26. Qd4 Rc1+ 27. Bf1
Qxd4 28. exd4 Kf8 29. g4 Ke7 30. Kg2 Nd5 31. Nc5 g5 32. Nd3 Rc3 33. Nc5 b6 34.
Ne4 Rxa3 35. Nxg5 f6 36. Ne4 Bg6 37. Nd2 Ra1 38. Nc4 Rxf1 39. Kxf1 Bd3+ 40. Ke1
Bxc4 41. Rc2 Bxb5 0-1

[Event "Memorial Kurnosova 2017"]
[Site "?"]
[Date "2017.09.08"]
[Round "1.5"]
[White "Zvjaginsev, Vadim"]
[Black "Filippova, Margarita"]
[Result "1-0"]
[WhiteElo "2621"]
[BlackElo "1847"]
[PlyCount "69"]
[EventDate "2017.??.??"]
[WhiteClock "0:00:44"]
[BlackClock "0:04:48"]

1. e4 e6 2. d4 d5 3. Nd2 Nf6 4. e5 Nfd7 5. f4 c5 6. Ngf3 Nc6 7. Nb3 f6 8. c3
Be7 9. Be2 O-O 10. O-O Qb6 11. Kh1 a5 12. a4 Qc7 13. Be3 b6 14. Bf2 Nd8 15. Rc1
c4 16. Nbd2 Qc6 17. b3 Ba6 18. bxc4 dxc4 19. Ne1 Qc7 20. Nc2 b5 21. axb5 Bxb5
22. Rb1 Rb8 23. Ne3 fxe5 24. fxe5 Bg5 25. Ne4 Be7 26. Bg3 Qc6 27. d5 Rxf1+ 28.
Bxf1 exd5 29. Qxd5+ Ne6 30. Rxb5 Qxb5 31. Qxe6+ Kf8 32. Nd6 Bxd6 33. Qxd6+ Ke8
34. e6 Nf6 35. Qxb8+ 1-0

[Event "Memorial Kurnosova 2017"]
[Site "?"]
[Date "2017.09.08"]
[Round "1.6"]
[White "Somkin, Kirill"]
[Black "Bocharov, Dmitry"]
[Result "1/2-1/2"]
[WhiteElo "1845"]
[BlackElo "2611"]
[PlyCount "120"]
[EventDate "2017.??.??"]
[WhiteClock "0:02:34"]
[BlackClock "0:02:18"]

1. e4 d6 2. d4 Nf6 3. Nc3 g6 4. h4 Bg7 5. Be2 h5 6. Nh3 Bxh3 7. Rxh3 Nbd7 8.
Be3 a6 9. a4 c5 10. Qd2 cxd4 11. Bxd4 O-O 12. f3 Qa5 13. Rd1 Rfc8 14. g4 Ne5
15. g5 Nfd7 16. f4 Nc4 17. Bxc4 Rxc4 18. Bxg7 Kxg7 19. b3 Rc6 20. Nd5 Qd8 21.
f5 Ne5 22. f6+ exf6 23. gxf6+ Kh7 24. c4 Qd7 25. Rg3 Re8 26. Qf4 Qe6 27. Kf1
Ng4 28. Ne7 Rxe7 29. fxe7 Qxe7 30. Rf3 Kg7 31. Rd5 Ne5 32. Rg3 Qe6 33. Kg2 Rc8
34. Rg5 Re8 35. c5 Ng4 36. cxd6 f6 37. Rxg4 hxg4 38. h5 f5 39. d7 Rd8 40. Rd6
Qxe4+ 41. Qxe4 fxe4 42. Rxg6+ Kf7 43. Rxg4 Rxd7 44. Rxe4 Kf6 45. Kf3 Rd3+ 46.
Re3 Rd5 47. Kg4 Rd4+ 48. Kg3 Rd5 49. Rf3+ Kg5 50. Kf2 Kxh5 51. Ke3 Kg6 52. Ke4
Rd2 53. Ke5 a5 54. Ke6 b6 55. Rg3+ Kh6 56. Rc3 Rd4 57. Kf6 Rf4+ 58. Ke5 Rb4 59.
Kd6 Kg6 60. Kc7 Kf7 1/2-1/2

[Event "Memorial Kurnosova 2017"]
[Site "?"]
[Date "2017.09.08"]
[Round "1.7"]
[White "Yudin, Sergei"]
[Black "Rezvy, Lev"]
[Result "1-0"]
[WhiteElo "2610"]
[BlackElo "1829"]
[PlyCount "71"]
[EventDate "2017.??.??"]
[WhiteClock "0:00:23"]
[BlackClock "0:06:58"]

1. e4 c5 2. Nf3 Nc6 3. g3 d6 4. Bg2 Nf6 5. d3 g6 6. O-O Bg7 7. c3 O-O 8. Re1 e5
9. a3 h6 10. b4 cxb4 11. axb4 Be6 12. b5 Ne7 13. c4 Kh7 14. Nc3 Nh5 15. Be3 a6
16. Nd2 Qd7 17. Qb3 Bh3 18. Bf3 Bg4 19. Bh1 f5 20. exf5 gxf5 21. bxa6 Rxa6 22.
Qxb7 Qxb7 23. Bxb7 Rxa1 24. Rxa1 f4 25. Bb6 e4 26. Ndxe4 Rb8 27. Ra7 Nc6 28.
Bxc6 Rxb6 29. Bb5 Kh8 30. Nd5 Rb8 31. Nxd6 Bd4 32. Re7 Bc5 33. Nf7+ Kg7 34. Rc7
Ra8 35. Ne5+ Kg8 36. Nxg4 1-0

[Event "Memorial Kurnosova 2017"]
[Site "?"]
[Date "2017.09.08"]
[Round "1.8"]
[White "Kostin, Ilya"]
[Black "Predke, Alexandr"]
[Result "0-1"]
[WhiteElo "1826"]
[BlackElo "2592"]
[PlyCount "54"]
[EventDate "2017.??.??"]
[WhiteClock "0:13:58"]
[BlackClock "0:00:20"]

1. e4 c6 2. Ne2 d5 3. e5 Bf5 4. Ng3 Bg6 5. h4 h6 6. h5 Bh7 7. e6 fxe6 8. d4 e5
9. dxe5 Qc7 10. f4 e6 11. Bd3 Bxd3 12. Qxd3 Bc5 13. Qg6+ Qf7 14. f5 Ne7 15.
Qxe6 Qxe6 16. fxe6 O-O 17. Rf1 Na6 18. Bd2 Nc7 19. Nc3 Nxe6 20. O-O-O Bd4 21.
Nh1 Rxf1 22. Rxf1 Rf8 23. Rxf8+ Kxf8 24. Ng3 Bxe5 25. Nge2 Ng8 26. g4 Nf6 27.
g5 hxg5 0-1

[Event "Memorial Kurnosova 2017"]
[Site "?"]
[Date "2017.09.08"]
[Round "1.9"]
[White "Bocharov, Ivan"]
[Black "Grigoryeva, Olga"]
[Result "1-0"]
[WhiteElo "2590"]
[BlackElo "1822"]
[PlyCount "89"]
[EventDate "2017.??.??"]
[WhiteClock "0:01:21"]
[BlackClock "0:05:21"]

1. e4 e5 2. Nf3 Nc6 3. Bc4 Be7 4. d4 d6 5. dxe5 dxe5 6. Qxd8+ Bxd8 7. Nc3 f6 8.
Be3 Na5 9. Be2 Be6 10. O-O-O Ne7 11. g4 Kf7 12. g5 Nc4 13. Bc5 Rc8 14. b3 Nb6
15. gxf6 gxf6 16. Nh4 Nd7 17. Bh5+ Ng6 18. Ba3 Rg8 19. Rhg1 Be7 20. Bxe7 Kxe7
21. Nxg6+ hxg6 22. Bxg6 Rg7 23. h4 Rcg8 24. h5 Nf8 25. Nb5 Nxg6 26. hxg6 Rxg6
27. Rxg6 Rxg6 28. Nxc7 Rg2 29. Rd2 Bg4 30. Nd5+ Ke6 31. f4 Rxd2 32. Kxd2 exf4
33. Nxf4+ Ke5 34. Ke3 Bd1 35. Nd3+ Kd6 36. c4 Bc2 37. Kd4 Bb1 38. a3 a5 39. Nc5
b6 40. Na4 Kc6 41. Nc3 Bc2 42. b4 axb4 43. axb4 Bb3 44. b5+ Kd6 45. Nd5 1-0

[Event "Memorial Kurnosova 2017"]
[Site "?"]
[Date "2017.09.08"]
[Round "1.10"]
[White "Simakova, Elena"]
[Black "Smirnov, Pavel"]
[Result "0-1"]
[WhiteElo "1820"]
[BlackElo "2588"]
[PlyCount "62"]
[EventDate "2017.??.??"]
[WhiteClock "0:13:13"]
[BlackClock "0:02:22"]

1. e4 c5 2. Nf3 Nc6 3. Bb5 g6 4. Bxc6 bxc6 5. O-O Bg7 6. Re1 Rb8 7. Nc3 e5 8.
d3 Ne7 9. b3 O-O 10. Be3 d6 11. h3 h6 12. Qd2 Kh7 13. Nh2 f5 14. exf5 gxf5 15.
f4 exf4 16. Bxf4 Ng6 17. Bg3 Qa5 18. b4 cxb4 19. Ne2 Bxa1 20. Bxd6 Bg7 21. Bxb8
Qb6+ 22. d4 Qxb8 23. Nf3 Ba6 24. c3 Bxe2 25. Rxe2 bxc3 26. Qxc3 Qd6 27. Rc2 Rc8
28. Qc5 Qxc5 29. Rxc5 Ne7 30. Ne5 Rd8 31. Nxc6 Rc8 0-1

[Event "Memorial Kurnosova 2017"]
[Site "?"]
[Date "2017.09.08"]
[Round "3.1"]
[White "Shariyazdanov, Andrey"]
[Black "Movsesian, Sergei"]
[Result "1/2-1/2"]
[WhiteElo "2472"]
[BlackElo "2712"]
[PlyCount "61"]
[EventDate "2017.??.??"]
[WhiteClock "0:07:07"]
[BlackClock "0:07:05"]

1. b3 c5 2. Bb2 Nc6 3. e3 e6 4. f4 a6 5. Nf3 Nf6 6. g3 d6 7. Bg2 Be7 8. O-O O-O
9. Qe2 Qc7 10. e4 b6 11. d3 Bb7 12. Nbd2 Rfe8 13. Nc4 b5 14. Ne3 Nd7 15. f5
Nde5 16. Nxe5 dxe5 17. f6 Bxf6 18. Rxf6 gxf6 19. Ng4 f5 20. exf5 exf5 21. Nf6+
Kg7 22. Nxe8+ Rxe8 23. Rf1 Nd4 24. Bxd4 cxd4 25. Bxb7 Qxb7 26. Rxf5 Qe7 27.
Qg4+ Kh8 28. Qf3 Kg7 29. Qg4+ Kh8 30. Qf3 Kg7 31. Qg4+ 1/2-1/2

[Event "Memorial Kurnosova 2017"]
[Site "?"]
[Date "2017.09.08"]
[Round "3.2"]
[White "Riazantsev, Alexander"]
[Black "Ovetchkin, Roman"]
[Result "1-0"]
[LiveChessVersion "1.4.8"]
[BlackElo "2489"]
[WhiteElo "2703"]

1. d4 {[%clk 0:15:19]} d5 {[%clk 0:14:31]} 2. c4 {[%clk 0:15:27]} e6
{[%clk 0:14:35]} 3. Nc3 {[%clk 0:15:33]} a6 {[%clk 0:14:42]} 4. cxd5
{[%clk 0:15:34]} exd5 {[%clk 0:14:50]} 5. Nf3 {[%clk 0:15:42]} Nf6
{[%clk 0:14:43]} 6. Bg5 {[%clk 0:15:39]} Be6 {[%clk 0:14:43]} 7. e3
{[%clk 0:15:47]} Nbd7 {[%clk 0:14:00]} 8. Bd3 {[%clk 0:15:56]} h6
{[%clk 0:14:04]} 9. Bf4 {[%clk 0:16:06]} g5 {[%clk 0:13:49]} 10. Bg3
{[%clk 0:16:14]} Nh5 {[%clk 0:13:56]} 11. Be5 {[%clk 0:16:23]} Ng7
{[%clk 0:13:52]} 12. h3 {[%clk 0:15:56]} Nxe5 {[%clk 0:13:52]} 13. Nxe5
{[%clk 0:16:05]} Bd6 {[%clk 0:13:38]} 14. O-O {[%clk 0:13:49]} O-O
{[%clk 0:09:45]} 15. f4 {[%clk 0:13:38]} gxf4 {[%clk 0:08:51]} 16. exf4
{[%clk 0:13:47]} f6 {[%clk 0:08:59]} 17. Ng6 {[%clk 0:12:15]} Re8
{[%clk 0:09:06]} 18. f5 {[%clk 0:10:20]} Bf7 {[%clk 0:09:15]} 19. Qd2
{[%clk 0:09:18]} Kh7 {[%clk 0:08:36]} 20. Nf4 {[%clk 0:06:26]} Bxf4
{[%clk 0:08:44]} 21. Rxf4 {[%clk 0:06:23]} Qd6 {[%clk 0:08:41]} 22. Rh4
{[%clk 0:06:18]} h5 {[%clk 0:08:36]} 23. Ne2 {[%clk 0:06:08]} Re7
{[%clk 0:07:31]} 24. Nf4 {[%clk 0:05:48]} Rae8 {[%clk 0:07:36]} 25. Rf1
{[%clk 0:04:27]} Re4 {[%clk 0:06:41]} 26. Bxe4 {[%clk 0:04:20]} dxe4
{[%clk 0:06:49]} 27. Ne6 {[%clk 0:04:05]} Bxe6 {[%clk 0:06:13]} 28. fxe6
{[%clk 0:04:12]} Rxe6 {[%clk 0:06:20]} 29. Rhf4 {[%clk 0:03:46]} f5
{[%clk 0:05:33]} 30. Qe3 {[%clk 0:03:56]} Qd5 {[%clk 0:05:24]} 31. Kh1
{[%clk 0:02:58]} Rd6 {[%clk 0:05:02]} 32. Qc3 {[%clk 0:02:34]} Rc6
{[%clk 0:04:09]} 33. Qd2 {[%clk 0:01:56]} Rd6 {[%clk 0:03:48]} 34. Qb4
{[%clk 0:02:05]} b6 {[%clk 0:01:43]} 35. Rc1 {[%clk 0:01:53]} Ne6
{[%clk 0:01:45]} 36. Rff1 {[%clk 0:02:01]} Kg6 {[%clk 0:01:51]} 37. Qa3
{[%clk 0:02:06]} f4 {[%clk 0:01:51]} 38. Qxa6 {[%clk 0:02:14]} e3
{[%clk 0:01:58]} 39. a4 {[%clk 0:01:41]} Kg5 {[%clk 0:01:54]} 40. b4
{[%clk 0:01:37]} Nxd4 {[%clk 0:01:49]} 41. Rxc7 {[%clk 0:01:27]} e2
{[%clk 0:01:54]} 42. Rg1 {[%clk 0:01:36]} Qe5 {[%clk 0:01:58]} 43. Re1
{[%clk 0:01:08]} f3 {[%clk 0:01:44]} 44. gxf3 {[%clk 0:01:18]} Kh4
{[%clk 0:01:54]} 45. Qd3 {[%clk 0:00:26]} Qg3 46. Rxe2 Nxf3 {[%clk 0:00:22]} 47.
Rc4+ {[%clk 0:00:29]} Kxh3 {[%clk 0:00:29]} 48. Qf5+ {[%clk 0:00:38]} Qg4
{[%clk 0:00:32]} 49. Rxg4 {[%clk 0:00:39]} hxg4 {[%clk 0:00:41]} 50. Qh5+
{[%clk 0:00:38]} Kg3 51. Rg2+ Kf4 {[%clk 0:00:58]} 52. Qxg4+ {[%clk 0:00:55]} 1-0

[Event "Memorial Kurnosova 2017"]
[Site "?"]
[Date "2017.09.08"]
[Round "3.3"]
[White "Looshnikov, Nikolai"]
[Black "Lysyj, Igor"]
[Result "0-1"]
[LiveChessVersion "1.4.8"]
[BlackElo "2667"]
[WhiteElo "2432"]

1. e4 {[%clk 0:15:19]} e5 {[%clk 0:15:18]} 2. Nf3 {[%clk 0:15:27]} Nc6
{[%clk 0:15:27]} 3. Bb5 {[%clk 0:15:30]} Nf6 {[%clk 0:15:35]} 4. O-O
{[%clk 0:15:35]} Nxe4 {[%clk 0:15:43]} 5. Re1 {[%clk 0:15:34]} Nd6
{[%clk 0:15:51]} 6. Nxe5 {[%clk 0:15:39]} Be7 {[%clk 0:15:59]} 7. Bd3
{[%clk 0:15:25]} Nxe5 {[%clk 0:16:04]} 8. Rxe5 {[%clk 0:15:34]} O-O
{[%clk 0:16:11]} 9. Nc3 {[%clk 0:15:43]} Bf6 {[%clk 0:16:16]} 10. Re3
{[%clk 0:15:48]} Bg5 {[%clk 0:16:19]} 11. Re1 {[%clk 0:14:42]} b6
{[%clk 0:15:52]} 12. b3 {[%clk 0:14:22]} Bb7 {[%clk 0:15:46]} 13. Ba3
{[%clk 0:13:05]} c5 {[%clk 0:15:14]} 14. Bb2 {[%clk 0:12:32]} f5 {[%clk 0:13:51]}
15. Be2 {[%clk 0:10:38]} Bf6 {[%clk 0:12:53]} 16. Na4 {[%clk 0:03:08]} Bxb2
{[%clk 0:10:29]} 17. Nxb2 {[%clk 0:03:17]} Qf6 {[%clk 0:10:38]} 18. Nc4
{[%clk 0:02:27]} Ne4 {[%clk 0:10:44]} 19. Ne3 {[%clk 0:00:48]} d5
{[%clk 0:09:25]} 20. Bf3 {[%clk 0:00:26]} d4 {[%clk 0:08:43]} 21. Nf1
{[%clk 0:00:21]} Rae8 {[%clk 0:08:35]} 22. Ng3 {[%clk 0:00:13]} Qh4
{[%clk 0:07:03]} 23. Qe2 {[%clk 0:00:14]} Qf4 {[%clk 0:05:20]} 24. Qc4+
{[%clk 0:00:15]} Kh8 {[%clk 0:05:29]} 25. Qa4 {[%clk 0:00:12]} Qxd2
{[%clk 0:05:18]} 26. Re2 {[%clk 0:00:20]} Qa5 {[%clk 0:04:36]} 27. Qxa5
{[%clk 0:00:17]} bxa5 {[%clk 0:04:45]} 28. a3 {[%clk 0:00:11]} Ba6
{[%clk 0:03:56]} 29. Ree1 {[%clk 0:00:20]} Nxg3 {[%clk 0:03:59]} 30. fxg3
{[%clk 0:00:12]} Bb5 {[%clk 0:04:04]} 31. Kf2 {[%clk 0:00:20]} g6
{[%clk 0:04:08]} 32. b4 {[%clk 0:00:13]} Rxe1 {[%clk 0:03:12]} 33. Kxe1
{[%clk 0:00:21]} Re8+ {[%clk 0:02:54]} 34. Kd2 {[%clk 0:00:30]} cxb4
{[%clk 0:02:50]} 35. axb4 {[%clk 0:00:39]} a4 {[%clk 0:03:00]} 36. Ra3
{[%clk 0:00:18]} Kg7 {[%clk 0:02:25]} 37. c4 {[%clk 0:00:20]} Bxc4
{[%clk 0:02:25]} 38. Rxa4 {[%clk 0:00:28]} a6 {[%clk 0:02:35]} 39. Ra5
{[%clk 0:00:16]} Bb5 {[%clk 0:02:37]} 40. Ra3 {[%clk 0:00:16]} Kf6
{[%clk 0:02:37]} 41. g4 {[%clk 0:00:24]} f4 {[%clk 0:02:26]} 42. Bd1
{[%clk 0:00:15]} Re3 {[%clk 0:02:30]} 43. Ra1 {[%clk 0:00:17]} Rd3+
{[%clk 0:02:33]} 44. Ke1 {[%clk 0:00:23]} Rc3 {[%clk 0:02:36]} 45. Kd2
{[%clk 0:00:26]} Rd3+ {[%clk 0:02:44]} 46. Ke1 {[%clk 0:00:35]} Rc3
{[%clk 0:02:53]} 47. Kd2 {[%clk 0:00:44]} Ke5 {[%clk 0:02:25]} 48. Be2
{[%clk 0:00:37]} Rb3 {[%clk 0:02:30]} 49. Bxb5 {[%clk 0:00:27]} axb5
{[%clk 0:02:39]} 50. Ra7 {[%clk 0:00:31]} Rxb4 {[%clk 0:02:23]} 51. Rxh7
{[%clk 0:00:38]} Rb2+ {[%clk 0:02:18]} 52. Kd3 {[%clk 0:00:45]} Rxg2
{[%clk 0:02:27]} 53. Re7+ {[%clk 0:00:12]} Kd5 {[%clk 0:01:52]} 54. Rd7+
{[%clk 0:00:11]} Kc5 {[%clk 0:02:01]} 55. Rc7+ {[%clk 0:00:14]} Kb4
{[%clk 0:01:55]} 56. Rd7 {[%clk 0:00:12]} Rxg4 {[%clk 0:01:59]} 57. Rxd4+
{[%clk 0:00:21]} Kb3 {[%clk 0:02:04]} 58. h3 {[%clk 0:00:12]} Rh4
{[%clk 0:02:08]} 59. Rd5 {[%clk 0:00:11]} Rxh3+ {[%clk 0:02:10]} 60. Ke4
{[%clk 0:00:19]} b4 {[%clk 0:02:13]} 61. Kd4 0-1

[Event "Memorial Kurnosova 2017"]
[Site "?"]
[Date "2017.09.08"]
[Round "3.4"]
[White "Zvjaginsev, Vadim"]
[Black "Ulybin, Mikhail"]
[Result "1/2-1/2"]
[LiveChessVersion "1.4.8"]
[BlackElo "2477"]
[WhiteElo "2621"]

1. e4 {[%clk 0:15:17]} e6 {[%clk 0:15:15]} 2. Qe2 {[%clk 0:15:19]} d5
{[%clk 0:15:13]} 3. exd5 {[%clk 0:15:17]} Qxd5 {[%clk 0:15:18]} 4. Nc3
{[%clk 0:15:15]} Qd8 {[%clk 0:15:22]} 5. Nf3 {[%clk 0:15:06]} c5 {[%clk 0:15:24]}
6. Ne5 {[%clk 0:15:11]} Nh6 {[%clk 0:12:10]} 7. Qf3 {[%clk 0:12:48]} Qc7
{[%clk 0:09:51]} 8. Bb5+ {[%clk 0:12:22]} Nd7 {[%clk 0:09:43]} 9. Nxd7
{[%clk 0:09:21]} Bxd7 {[%clk 0:09:48]} 10. g4 {[%clk 0:08:28]} Bxb5
{[%clk 0:06:24]} 11. Nxb5 {[%clk 0:08:36]} Qd7 {[%clk 0:06:22]} 12. a4
{[%clk 0:07:58]} a6 {[%clk 0:06:20]} 13. Nc3 {[%clk 0:07:56]} f6 {[%clk 0:05:31]}
14. a5 {[%clk 0:06:34]} Nf7 {[%clk 0:05:29]} 15. Na4 {[%clk 0:06:11]} Ne5
{[%clk 0:05:10]} 16. Qe4 {[%clk 0:06:16]} Qd5 {[%clk 0:04:06]} 17. Qxd5
{[%clk 0:05:50]} exd5 {[%clk 0:04:14]} 18. Nb6 {[%clk 0:05:37]} Rd8
{[%clk 0:04:13]} 19. h3 {[%clk 0:04:36]} h5 {[%clk 0:04:07]} 20. gxh5
{[%clk 0:04:42]} Rxh5 {[%clk 0:04:09]} 21. d3 {[%clk 0:04:48]} Kf7
{[%clk 0:03:24]} 22. Bf4 {[%clk 0:04:37]} Nf3+ {[%clk 0:03:05]} 23. Ke2
{[%clk 0:04:05]} Nd4+ {[%clk 0:03:11]} 24. Kd1 {[%clk 0:04:09]} Bd6
{[%clk 0:00:33]} 25. Bxd6 {[%clk 0:03:04]} Rxd6 {[%clk 0:00:40]} 26. c3
{[%clk 0:02:50]} Ne6 {[%clk 0:00:21]} 27. Kd2 {[%clk 0:02:36]} Rd8
{[%clk 0:00:18]} 28. Rae1 {[%clk 0:02:09]} Ng5 {[%clk 0:00:12]} 29. Re3
{[%clk 0:01:58]} d4 {[%clk 0:00:19]} 30. Rg3 {[%clk 0:01:50]} Ne6
{[%clk 0:00:18]} 31. c4 {[%clk 0:00:51]} Nf4 {[%clk 0:00:20]} 32. Na4
{[%clk 0:00:57]} Re5 {[%clk 0:00:19]} 33. Re1 {[%clk 0:01:03]} Rde8
{[%clk 0:00:24]} 34. Rxe5 {[%clk 0:00:36]} Rxe5 {[%clk 0:00:31]} 35. h4
{[%clk 0:00:36]} Re2+ {[%clk 0:00:33]} 36. Kd1 {[%clk 0:00:42]} Rxf2
{[%clk 0:00:37]} 37. Nxc5 {[%clk 0:00:30]} Rxb2 {[%clk 0:00:42]} 38. Rg4
{[%clk 0:00:39]} Ne2 {[%clk 0:00:27]} 39. Ke1 {[%clk 0:00:34]} Ra2
{[%clk 0:00:15]} 40. Rg2 {[%clk 0:00:33]} Rxa5 {[%clk 0:00:14]} 41. Nxb7
{[%clk 0:00:28]} Nf4 {[%clk 0:00:21]} 42. Rxg7+ {[%clk 0:00:15]} Kxg7
{[%clk 0:00:29]} 43. Nxa5 {[%clk 0:00:25]} Nxd3+ {[%clk 0:00:30]} 44. Kd2
{[%clk 0:00:31]} Ne5 {[%clk 0:00:20]} 45. c5 {[%clk 0:00:37]} Kf7
{[%clk 0:00:20]} 46. h5 {[%clk 0:00:43]} Kg7 {[%clk 0:00:14]} 47. c6
{[%clk 0:00:50]} Nxc6 {[%clk 0:00:16]} 48. Nxc6 {[%clk 0:00:58]} Kh6
{[%clk 0:00:25]} 49. Nxd4 {[%clk 0:01:07]} Kxh5 {[%clk 0:00:33]} 1/2-1/2

[Event "Memorial Kurnosova 2017"]
[Site "?"]
[Date "2017.09.08"]
[Round "3.5"]
[White "Yudin, Sergei"]
[Black "Balashov, Yuri S"]
[Result "0-1"]
[LiveChessVersion "1.4.8"]
[BlackElo "2452"]
[WhiteElo "2610"]

1. e4 {[%clk 0:15:17]} e5 {[%clk 0:15:18]} 2. Nf3 {[%clk 0:15:24]} Nc6
{[%clk 0:15:26]} 3. Bc4 {[%clk 0:15:32]} Nf6 {[%clk 0:15:34]} 4. d3
{[%clk 0:15:40]} Be7 {[%clk 0:15:42]} 5. O-O {[%clk 0:15:47]} O-O
{[%clk 0:15:50]} 6. Re1 {[%clk 0:15:55]} d6 {[%clk 0:15:58]} 7. a4
{[%clk 0:16:03]} h6 {[%clk 0:16:05]} 8. h3 {[%clk 0:16:06]} Re8 {[%clk 0:16:13]}
9. a5 {[%clk 0:15:58]} a6 {[%clk 0:16:14]} 10. Nc3 {[%clk 0:15:38]} Bf8
{[%clk 0:16:19]} 11. Nd5 {[%clk 0:15:41]} Nxd5 {[%clk 0:16:03]} 12. exd5
{[%clk 0:15:49]} Ne7 {[%clk 0:15:57]} 13. d4 {[%clk 0:14:05]} exd4
{[%clk 0:15:39]} 14. Nxd4 {[%clk 0:13:54]} Nf5 {[%clk 0:15:18]} 15. Nf3
{[%clk 0:13:49]} Rxe1+ {[%clk 0:14:41]} 16. Qxe1 {[%clk 0:13:55]} Nh4
{[%clk 0:14:15]} 17. Qe4 {[%clk 0:13:47]} Nxf3+ {[%clk 0:14:04]} 18. Qxf3
{[%clk 0:13:54]} Bd7 {[%clk 0:13:33]} 19. Qb3 {[%clk 0:13:41]} Rb8
{[%clk 0:12:32]} 20. Be3 {[%clk 0:13:45]} Qc8 {[%clk 0:11:05]} 21. Re1
{[%clk 0:13:38]} b5 {[%clk 0:11:00]} 22. axb6 {[%clk 0:13:09]} cxb6
{[%clk 0:11:09]} 23. Ra1 {[%clk 0:13:14]} b5 {[%clk 0:11:10]} 24. Bd3
{[%clk 0:13:06]} Qb7 {[%clk 0:11:06]} 25. Bf4 {[%clk 0:12:37]} Re8
{[%clk 0:10:57]} 26. c4 {[%clk 0:11:57]} Qc7 {[%clk 0:10:43]} 27. Rxa6
{[%clk 0:11:29]} bxc4 {[%clk 0:10:50]} 28. Qxc4 {[%clk 0:11:32]} Qxc4
{[%clk 0:10:49]} 29. Bxc4 {[%clk 0:11:39]} Re4 {[%clk 0:10:53]} 0-1